000 00943 a2200193 4500
003 Nust
005 20170207153255.0
040 _cNust
082 _a621.383
100 _aE. Missen
245 _aElementary telegraphy
_cE. Missen
_bcovering the syllabus of the city and guilds of london institute examination grade 1
250 _a1st ed
260 _aGeorge Newnes Limited
_bLondon
_c1946
300 _a339 p
_billus
_c24 cm
_e108 illustrations
505 _aIntroduction (Page-9) Principles of the State Stop Telegraph System (Page-18) Telegraph Relays (Page-86) Elementary Line Telegraph Transmission (Page-146) Voice frequency Telegraphy (Page-177) Telegraph Circuits (Page-203) Telegraph Instrument Room Equipment (Page-236) Telegraph Signal Distortion (Page-274) Testing and Measuring Apparatus (Page-288) Telegraph Power Supplies (Page-322)
538 _aAlmirah No.38 Shelf No.5
600 _aE. Missen
650 _aElementary telegraphy
942 _2ddc
_cBK
999 _c183017
_d183017